Frontières du Kazakhstan - Statistiques

Statistiques générales
  • Ce quiz a été pris 63 fois
  • Le résultat moyen est 5 sur 5
Statistiques - réponses
Frontière (km) Réponse % Correct
6846 Russie
100%
2203 Ouzbékistan
92%
379 Turkménistan
92%
1051 Kirghizistan
88%
1533 Chine
82%
Aucun quiz correspondant
Distribution des résultats
% des personnes avec chaque résultat
Percentile par nombre de réponses
Votre historique - résultats
Vous n’avez pas pris ce quiz